ბათუმის შოთა რუსთაველის სახელმწიფო უნივერსიტეტის ბიბლიოთეკა

Занимательные задачи по математике. (ბიბ.ჩანაწერი № 47965)

000 -LEADER
fixed length control field 00549nam a2200193Ia 4500
001 - CONTROL NUMBER
control field 14842
003 - CONTROL NUMBER IDENTIFIER
control field GE_BSU
008 - FIXED-LENGTH DATA ELEMENTS--GENERAL INFORMATION
fixed length control field 181216s||||||||xx |||||||||||||| ||und||
040 ## - CATALOGING SOURCE
Transcribing agency GE_BSU
080 ## - UNIVERSAL DECIMAL CLASSIFICATION NUMBER
Universal Decimal Classification number 51(072)
100 ## - MAIN ENTRY--PERSONAL NAME
Personal name Баврин, И.И, Фрибус, Е.А.
245 ## - TITLE STATEMENT
Title Занимательные задачи по математике.
260 ## - PUBLICATION, DISTRIBUTION, ETC.
Place of publication, distribution, etc. Москва
260 ## - PUBLICATION, DISTRIBUTION, ETC.
Name of publisher, distributor, etc. Владос.
260 ## - PUBLICATION, DISTRIBUTION, ETC.
Date of publication, distribution, etc. 2003
300 ## - PHYSICAL DESCRIPTION
Extent 207стр.20см.
653 ## - INDEX TERM--UNCONTROLLED
Uncontrolled term Занимательные задачи по математике.
942 ## - ADDED ENTRY ELEMENTS (KOHA)
Koha item type წიგნი
ეგზემპლარები
Withdrawn status Lost status Damaged status Not for loan Date acquired Barcode Date last seen Price effective from Koha item type
        2018-12-17 15117 2018-12-17 2018-12-17 წიგნი